Villages of Guam - Statistics

General Stats
  • This quiz has been taken 6 times
  • The average score is 12 of 19
Answer Stats
Answer % Correct
Hågat
100%
Agana Heights
75%
Dededo
75%
Hågatña
75%
Inalåhan
75%
Piti
75%
Tamuning
75%
Yigo
75%
Asan-Maina
50%
Barrigada
50%
Chalan Pago-Ordot
50%
Humåtak
50%
Malesso'
50%
Mangilao
50%
Mongmong-Toto-Maite
50%
Sånta Rita-Sumai
50%
Sinajana
50%
Talo'fo'fo
50%
Yona
50%
No matching quizzes found
Score Distribution
Percent of People with Each Score
Percentile by Number Answered
Your Score History
You have not taken this quiz